The pursuit of signs, semiotics, literature, deconstruction /

Bibliographic Details
Main Author: Culler, Jonathan D.
Format: Book
Language:English
Published: Ithaca, N.Y. : Cornell University Press, 1981.
Subjects:

MARC

Tag First Indicator Second Indicator Subfields
LEADER 00000cam a2200000 a 4500
001 in00000048909
005 20151007075737.0
008 811124s1981 nyu b 00110 eng
010 |a  80070539  
020 |a 0801414172 :  |c $15.00 
020 |a 0801492246 (pbk.) 
035 |a (OCoLC)08032887 
035 |9 AAF3742AM 
039 0 |a 2  |b 3  |c 3  |d 3  |e 3 
040 |a DLC  |c DLC  |d TXA  |d UtOrBLW 
049 |a TXAM  |c [1561541] 
050 0 0 |a PN98 S46  |b  C84 
082 0 |a 808/.00141  |2 19 
100 1 |a Culler, Jonathan D. 
245 1 4 |a The pursuit of signs, semiotics, literature, deconstruction /  |c  Jonathan Culler. 
264 1 |a Ithaca, N.Y. :  |b Cornell University Press,  |c 1981. 
300 |a xiii, 242 pages ;  |c 22 cm. 
336 |a text  |b txt  |2 rdacontent 
337 |a unmediated  |b n  |2 rdamedia 
338 |a volume  |b nc  |2 rdacarrier 
504 |a Includes bibliographical references and index. 
650 0 |a Criticism. 
650 0 |a Semiotics and literature. 
650 0 |a Deconstruction. 
999 |a MARS 
999 f f |s 84cd6ee2-2d91-3c44-abe4-27a4a2bb5eda  |i f42e5b51-7d10-360c-95a1-e35920634d7d  |t 0 
952 f f |p normal  |a Texas A&M University  |b College Station  |c Sterling C. Evans Library  |d Evans: Library Stacks  |t 0  |e PN98 S46 .C84  |h Library of Congress classification  |i unmediated -- volume  |m A14805942490 
998 f f |a PN98 S46 .C84  |t 0  |l Evans: Library Stacks